Statistics for Biggest Canadian Cities A-Z

Click here to take the quiz!

General Stats

  • This quiz has been taken 144 times
  • The average score is 13 of 25

Answer Stats

LetterCity% Correct
VVancouver
96%
MMontreal
95%
TToronto
94%
CCalgary
93%
EEdmonton
90%
OOttawa
90%
WWinnipeg
86%
QQuebéc City
82%
RRegina
76%
HHamilton
74%
YYellowknife
59%
FFredericton
54%
KKitchener
54%
BBrampton
45%
LLaval
40%
AAbbotsford
38%
SSurrey
33%
GGatineau
31%
NNanaimo
16%
DDelta
9%
PPickering
6%
JJoliette
5%
IIngersolle
0%
UUnity
0%
ZZeballos
0%

Score Distribution

Percentile by Number Answered

Percent of People with Each Score

Your Score History

You have not taken this quiz